| 000 | 00582nam a2200217Ia 4500 | ||
|---|---|---|---|
| 003 | OSt | ||
| 005 | 20220928144952.0 | ||
| 006 | a|||||r|||| 00| 0 | ||
| 007 | ta | ||
| 008 | 220927b |||||||| |||| 00| 0 eng d | ||
| 024 | _a77569 | ||
| 037 | _cTextual | ||
| 040 |
_aSDCL _cSDCL _beng |
||
| 041 |
_2eng _aeng |
||
| 082 | _aO15,2D40:g(Q:1), N1 | ||
| 100 |
_aChatterjee Sastri Asoke _9510767 |
||
| 245 | 0 | _aMythology in the works of Kalidasa. | |
| 260 | _c1991 | ||
| 942 |
_hO15,2D40:g(Q:1), N1 _cTEXL _2CC |
||
| 999 |
_c830897 _d830897 |
||